| 000 | 01207ngm a22003130a 4500 | ||
|---|---|---|---|
| 001 | PT16745 | ||
| 003 | AR-LpoUNG | ||
| 005 | 20210202000238.0 | ||
| 007 | vd cvaizq | ||
| 008 | 191001s1974||||ag |||||||||||||||||spa d | ||
| 037 | _c$8.33 | ||
| 040 |
_aAR-LpoUNG _bspa _cAR-LpoUNG _eaacr |
||
| 044 | _aag | ||
| 082 | 0 | _a940.531 7 112por | |
| 100 | 1 |
_aCavani, Liliana _edir. |
|
| 245 | 1 | 3 | _aEl portero de noche |
| 260 |
_aBuenos Aires : _bTEY VCR, _c[1974]. |
||
| 300 | _aVHS (118 min.) : son., col. | ||
| 505 | 0 | _aGuión: Liliana Gavani ; música: Daniel París. | |
| 520 | _aUna mujer judía que, durante la Segunda Guerra Mundial, siendo apenas una adolescente, estuvo en un campo de concentración, se reencuentra trece años después con el oficial nazi que solía abusar sexualmente de ella cuando estava cautiva. Ambos coinciden en un lujoso hotel de Viena, donde él trabaja como portero, la dolorosa experiencia pasada desencadenará una relación sadomasoquista entre ellos. | ||
| 650 | 4 | _aABUSO SEXUAL | |
| 650 | 4 | _aCAMPOS DE CONCENTRACION | |
| 650 | 4 | _aCONSECUENCIAS SOCIALES | |
| 650 | 4 | _aGUERRA | |
| 650 | 4 | _aVICTIMAS | |
| 653 | _aVIDEOS | ||
| 905 | _a16745 | ||
| 942 | _cVIDEO | ||
| 999 |
_c54441 _d54441 |
||